Sesini yitiren şehir "Sivas" (Record no. 4030)

MARC details
000 -BAŞLIK
Sabit Uzunlukta Kontrol Alanı 00792na a2200289 4500
001 - KONTROL NUMARASI
Denetim Alanı 16500
003 - KONTROL NUMARASI IDENTIFIER
Denetim Alanı MIRAKIL
005 - SON İŞLEM TARİHİ VE ZAMANI
Denetim Alanı 20181213154951.0
008 - SABİT-BOY VERİ ELEMANLARI - GENEL BİLGİLER
Sabit Uzunlukta Kontrol Alanı 161011b tu 000 0
040 ## - KATALOGLAMA KAYNAK
Orijinal Kataloglama Ajansı Milas
Kataloglama Dili tur
Metne Dönüştürmek Ajansı TR-AnCHP
041 ## - DİL KODU
Metin / Ses Parça Veya Ayrı Başlığın Dil Kodu tur
082 ## - DEWEY ONLU SINIFLANDIRMA NUMARASI
Sınıflandırma Numarası 956.35
Ürün Numarası Ö93s 2011
090 ## - SINIFLAMA NUMARASI
Sınıflama Numarası 956.35 Ö93s 2011
100 ## - ANA GİRİŞ - KİŞİSEL İSİM
Kişisel Ad Özer, Mehmet
245 ## - BAŞLIK TABLOSU
Başlık Sesini yitiren şehir "Sivas"
Başlığın Kalan 2 Temmuz 1993
Sorumluluk Tablosu, Vb Mehmet Özer
246 ## - UNVAN FORM VARYING
Başlık Doğru / Kısa Başlığı Sivas
246 ## - UNVAN FORM VARYING
Başlık Doğru / Kısa Başlığı Sesini yitiren şehir Sivas
250 ## - EDITION TABLOSU
Baskı Beyanı 3. bs.
260 ## - YAYIN, DAĞITIM, VB
Yayın, Dağıtım, Vb Yeri Ankara
Yayıncı, Dağıtıcı, Vs Adı [Çankaya Belediyesi]
Yayın, Dağıtım, Vb Tarihi 2011
300 ## - FİZİKSEL TANIM
Kapsam 304 s.
Diğer Fiziksel Ayrıntıları fotg.
Boyutlar 23x27 sm.
650 ## - KONU KATMA GİRİŞ - TOPİKAL DÖNEM
Topikal Süreli Veya Coğrafi Ad Giriş Elemanı Sivas olayları
650 ## - KONU KATMA GİRİŞ - TOPİKAL DÖNEM
Topikal Süreli Veya Coğrafi Ad Giriş Elemanı 2 Temmuz 1993
Genel Alt Bölümü Katliamlar
650 ## - KONU KATMA GİRİŞ - TOPİKAL DÖNEM
Topikal Süreli Veya Coğrafi Ad Giriş Elemanı Madımak Oteli
Genel Alt Bölümü Katliamlar
651 ## - KONU KATMA GİRİŞ - COĞRAFİ ADI
Coğrafi İsim Sivas
Genel Alt Bölümü Tarih
651 ## - KONU KATMA GİRİŞ - COĞRAFİ ADI
Coğrafi İsim Sivas
Genel Alt Bölümü Katliamlar
942 ## - EKLENDİ GİRİŞ ELEMANLARI (KOHA)
Sınıflandırma Veya Raf Düzeni Kaynak Dewey Decimal Classification
Koha Öğesi Türü Books
999 ## - SİSTEM KONTROL NUMARALARI (KOHA)
Koha Biblionumber 4030
Koha Biblioitemnumber 4030
Holdings
Kalıcı Konum Mevcut Konum Edinme Tarihi Edinim Kaynak Toplam Check-Out'Lar Tam Çağrı Numarası Barkod Tarih Son Görülme İtibaren Geçerli Fiyatlar Koha Öğesi Türü
CHP Kütüphanesi CHP Kütüphanesi 10/07/2016 Bağış   956.35 Ö93s 2011 006518 10/07/2016 10/07/2016 Books